[Event "Bergamo Province-ch"]
[Site "Bergamo"]
[Date "2003.11.28"]
[Round "8"]
[White "Biava, Pierluigi"]
[Black "Salvi, Giampietro"]
[Result "1-0"]
[WhiteElo "1579"]
[BlackElo "1600"]
[PlyCount "49"]
[EventDate "2003.10.10"]
[EventType "swiss"]
[EventRounds "8"]
[EventCountry "ITA"]
[SourceTitle "EXT 2023"]
[Source "ChessBase"]
[SourceDate "2022.10.05"]
[SourceVersion "1"]
[SourceVersionDate "2022.10.05"]
[SourceQuality "1"]

1. e4 c5 2. Nc3 e6 3. f4 d6 4. Nf3 Nf6 5. d3 Be7 6. Be2 0-0 7. 0-0 Nc6 8. Kh1 a6 9. a4 b6 10. Be3 Ng4 11. Bg1 f5 12. h3 fxe4 13. Nxe4 Nh6 14. Qd2 Nf5 15. Bh2 Bb7 16. Rae1 d5 17. Neg5 Qd7 18. Bd1 Rf6 19. c3 d4 20. cxd4 cxd4 21. Bb3 Ne3 22. Rxe3 Bb4 23. Rxe6 Rxe6 24. Qe2 Rae8 25. f5 1-0